000 00465nam a2200145Ia 4500
008 170203s9999 xx 000 0 und d
020 _a9780521170550
245 _aCambridge practice tests for IELTS 4 :
245 _bExamination papers from University Cambridge ESOL Examinations : English for speakers of other languages /
260 _aCambridge :
260 _bCambridge University Press. 
260 _c2010
300 _a172 pages :
300 _c24 cm.
999 _c305962
_d305962